[Event "Carlos Torre Memorial op 32nd"]
[Site "Merida"]
[Date "2022.12.18"]
[Round "4"]
[White "Quesada Perez, Yasser"]
[Black "Leon Hoyos, Manuel"]
[Result "1-0"]
[WhiteElo "2598"]
[BlackElo "2488"]
[PlyCount "85"]
[EventDate "2022.12.16"]
[EventType "swiss"]
[EventRounds "9"]
[EventCountry "MEX"]
[SourceTitle "CBM 212 Extra"]
[Source "ChessBase"]
[SourceDate "2023.03.31"]
[SourceVersion "1"]
[SourceVersionDate "2023.03.31"]
[SourceQuality "1"]

1. e4 c5 2. Nc3 g6 3. d4 cxd4 4. Qxd4 Nf6 5. Nf3 Nc6 6. Qa4 d6 7. e5 dxe5 8. Nxe5 Bd7 9. Nxd7 Qxd7 10. Be3 Bg7 11. Rd1 Qc8 12. Be2 0-0 13. 0-0 a6 14. Qb3 Na5 15. Qb4 Nc6 16. Qc5 Ng4 17. Nd5 Nxe3 18. fxe3 Bxb2 19. c3 Qe6 20. Nc7 Qe5 21. Qxe5 Nxe5 22. Nxa8 Rxa8 23. Rb1 Bxc3 24. Rxb7 a5 25. Rxe7 Rb8 26. Bd1 Kf8 27. Rc7 Bd2 28. Kf2 Bb4 29. Bb3 Bd6 30. Ra7 Rb5 31. Ke2 Bb8 32. Ra8 h5 33. Rb1 Ke7 34. a4 Rb4 35. Rxa5 Bd6 36. Ba2 Rg4 37. Bd5 Rg5 38. Rab5 Nd7 39. a5 Nc5 40. Bb7 Kd8 41. a6 Bb8 42. Bf3 Ba7 43. Rb8+ 1-0

[Event "Henriquez Urena Memorial 1st"]
[Site "Santo Domingo"]
[Date "2022.09.21"]
[Round "8"]
[White "Leon Hoyos, Manuel"]
[Black "Crispin Ferreras, Darvi Abraham"]
[Result "1-0"]
[WhiteElo "2491"]
[BlackElo "2160"]
[PlyCount "83"]
[EventDate "2022.09.16"]
[EventType "swiss"]
[EventRounds "9"]
[EventCountry "DOM"]
[SourceTitle "CBM 210 Extra"]
[Source "ChessBase"]
[SourceDate "2022.11.30"]
[SourceVersion "1"]
[SourceVersionDate "2022.11.30"]
[SourceQuality "1"]

1. c4 e5 2. g3 Nf6 3. Bg2 Nc6 4. Nc3 Bc5 5. e3 0-0 6. Nge2 Re8 7. 0-0 Bf8 8. h3 d6 9. d4 exd4 10. exd4 g6 11. g4 Bg7 12. Be3 h5 13. g5 Nh7 14. Qd2 Ne7 15. f4 Nf5 16. Bf2 c6 17. b4 Bd7 18. a4 a6 19. Rab1 Re7 20. Rbe1 Qf8 21. Ne4 Rae8 22. N2c3 b5 23. axb5 axb5 24. cxb5 Rb8 25. bxc6 Bxc6 26. Nf6+ Bxf6 27. Bxc6 Bg7 28. Nd5 Qc8 29. Nxe7+ Nxe7 30. Bg2 Nf5 31. Rc1 Qd8 32. Rc4 Nf8 33. Rfc1 d5 34. Rc5 Ne7 35. h4 Ne6 36. Bh3 Qd6 37. Be3 Rb6 38. b5 Kh7 39. Qf2 Qb8 40. f5 Nxc5 41. dxc5 Rxb5 42. f6 1-0

[Event "Saint Louis SPICE Cup op 11th"]
[Site "Saint Louis"]
[Date "2017.10.25"]
[Round "8.13"]
[White "Leon Hoyos, Manuel"]
[Black "Grabinsky, Aaron"]
[Result "1-0"]
[WhiteElo "2490"]
[BlackElo "2366"]
[PlyCount "99"]
[EventDate "2017.10.21"]
[EventType "swiss"]
[EventRounds "9"]
[EventCountry "USA"]
[SourceTitle "CBM 181 Extra"]
[Source "ChessBase"]
[SourceDate "2017.12.12"]
[SourceVersion "1"]
[SourceVersionDate "2017.12.12"]
[SourceQuality "1"]

1. e4 c6 2. c4 g6 3. d4 Bg7 4. Nc3 d6 5. f3 e5 6. Nge2 Ne7 7. Be3 0-0 8. Qd2 Nd7 9. Ng3 a6 10. dxe5 dxe5 11. c5 Re8 12. Na4 Nf8 13. Qxd8 Rxd8 14. Nb6 Rb8 15. Nxc8 Rbxc8 16. Bc4 Bf6 17. Nf1 Kg7 18. Nd2 Ng8 19. Nb3 Rd7 20. Ke2 Bd8 21. g4 h6 22. h4 Nf6 23. Bd2 Bc7 24. Bc3 Re8 25. Nd2 Ne6 26. Bxe6 Rxe6 27. Nc4 Kf8 28. Rac1 Rd8 29. Bd2 Kg7 30. Rc3 h5 31. g5 Nd7 32. Be3 Re7 33. Rb3 Rb8 34. Rd1 Nf8 35. Rdd3 Rd7 36. Bd2 Rxd3 37. Rxd3 Ne6 38. b4 Re8 39. Rd7 Kf8 40. Bc3 Re7 41. Rxe7 Nf4+ 42. Ke3 Kxe7 43. Bxe5 Bxe5 44. Nxe5 Ng2+ 45. Kf2 Nf4 46. a3 a5 47. bxa5 Ke6 48. Nxc6 Nd3+ 49. Ke2 Nxc5 50. Nd8+ 1-0

[Event "Saint Louis SPICE Cup op 11th"]
[Site "Saint Louis"]
[Date "2017.10.21"]
[Round "1"]
[White "Easton, Jack R"]
[Black "Leon Hoyos, Manuel"]
[Result "0-1"]
[WhiteElo "2162"]
[BlackElo "2490"]
[PlyCount "70"]
[EventDate "2017.10.21"]
[EventType "swiss"]
[EventRounds "9"]
[EventCountry "USA"]
[SourceTitle "CBM 181 Extra"]
[Source "ChessBase"]
[SourceDate "2017.12.12"]
[SourceVersion "1"]
[SourceVersionDate "2017.12.12"]
[SourceQuality "1"]

1. d4 Nf6 2. c4 c5 3. d5 e6 4. Nc3 exd5 5. cxd5 g6 6. e4 d6 7. f4 Bg7 8. Bb5+ Nfd7 9. Nf3 0-0 10. 0-0 a6 11. Bd3 b5 12. Kh1 Bb7 13. f5 Nf6 14. fxg6 hxg6 15. Bg5 Nbd7 16. Qe1 Qb6 17. Qh4 Rae8 18. Rae1 c4 19. Bc2 Nh7 20. Nd1 Ne5 21. Ne3 Nxf3 22. Rxf3 Re5 23. Bf4 g5 24. Bxg5 Nxg5 25. Rg3 Qa5 26. Rd1 f6 27. Ng4 Qxa2 28. Nxe5 Qxb2 29. Ng6 Qxc2 30. Qh5 Re8 31. Rf1 Nxe4 32. Rgf3 Ng5 33. Nh4 Re5 34. Rg3 Bxd5 35. Ng6 Bf7 0-1

[Event "PRO League KO Stage"]
[Site "Chess.com INT"]
[Date "2017.03.15"]
[Round "3"]
[White "Swiercz, Dariusz"]
[Black "Leon Hoyos, Manuel"]
[Result "0-1"]
[WhiteElo "2645"]
[BlackElo "2490"]
[PlyCount "138"]
[EventDate "2017.03.01"]
[EventType "team-k.o. (rapid)"]
[EventRounds "5"]
[EventCountry "USA"]
[SourceTitle "CBM 177 Extra"]
[Source "ChessBase"]
[SourceDate "2017.04.27"]
[SourceVersion "1"]
[SourceVersionDate "2017.04.27"]
[SourceQuality "1"]
[WhiteTeam "St Louis Arch Bishops"]
[BlackTeam "Webster Windmills"]
[WhiteTeamCountry "USA"]
[BlackTeamCountry "USA"]

1. d4 Nf6 2. c4 c5 3. d5 b5 4. Qc2 b4 5. e4 d6 6. Nf3 g6 7. Bd3 Bg7 8. 0-0 0-0 9. Nbd2 e5 10. dxe6 Bxe6 11. b3 Nh5 12. Rb1 Nc6 13. Re1 Bc3 14. Bb2 Qf6 15. e5 Nxe5 16. Nxe5 Bxe5 17. g3 Bh3 18. Be2 Bf5 19. Bxe5 dxe5 20. Ne4 Bxe4 21. Qxe4 Ng7 22. Bg4 Rfe8 23. Rbd1 Qa6 24. Bd7 Red8 25. Qxe5 Qxa2 26. Bc6 Rxd1 27. Rxd1 Qxb3 28. Rd7 Rf8 29. Bd5 Qb1+ 30. Kg2 Qf5 31. Qe7 Ne6 32. Rd6 Ng5 33. h4 b3 34. hxg5 b2 35. Be4 b1Q 36. Bxb1 Qxb1 37. Rc6 a5 38. Rxc5 a4 39. Rd5 Qb6 40. Rd7 a3 41. Qxa3 Qc6+ 42. Rd5 Qxc4 43. Qf3 Qc8 44. Qe4 Qc1 45. Qe3 Qc6 46. Qf3 Re8 47. Rd3 Qc1 48. Re3 Rxe3 49. fxe3 Qb2+ 50. Kh3 Qa1 51. Kg2 Qb2+ 52. Kh3 Kf8 53. Qd5 Qb6 54. Kg4 Qxe3 55. Qd6+ Qe7 56. Qb8+ Qe8 57. Qd6+ Kg8 58. Kf4 Qc8 59. g4 Qc1+ 60. Kg3 Qxg5 61. Qb8+ Kg7 62. Qb2+ Qf6 63. Qd2 Qe5+ 64. Kf3 Qf6+ 65. Kg3 h6 66. Kh3 Qf3+ 67. Kh2 Qxg4 68. Qc3+ Kh7 69. Qf6 Qh5+ 0-1

[Event "Pan American Intercollegiate-chT"]
[Site "Kenner"]
[Date "2016.12.30"]
[Round "6.1"]
[White "Arribas Lopez, Angel"]
[Black "Leon Hoyos, Manuel"]
[Result "0-1"]
[WhiteElo "2515"]
[BlackElo "2475"]
[PlyCount "28"]
[EventDate "2016.12.27"]
[EventType "team-swiss"]
[EventRounds "6"]
[EventCountry "USA"]
[SourceTitle "CBM 176 Extra"]
[Source "ChessBase"]
[SourceDate "2017.03.02"]
[SourceVersion "1"]
[SourceVersionDate "2017.03.02"]
[SourceQuality "1"]
[WhiteTeam "Texas Dallas Univ"]
[BlackTeam "Webster Univ II"]
[WhiteTeamCountry "USA"]
[BlackTeamCountry "USA"]

1. e4 c5 2. Nc3 g6 3. d4 cxd4 4. Qxd4 Nf6 5. Bb5 a6 6. Qa4 b6 7. e5 Bb7 8. Bf1 Nd5 9. Nxd5 Bxd5 10. Be3 Nc6 11. 0-0-0 b5 12. Qf4 Bxa2 13. b3 Qa5 14. e6 dxe6 0-1

[Event "Saint Louis SPICE Cup op 10th"]
[Site "Saint Louis"]
[Date "2016.10.20"]
[Round "6"]
[White "Xiong, Jeffery"]
[Black "Leon Hoyos, Manuel"]
[Result "1/2-1/2"]
[WhiteElo "2647"]
[BlackElo "2488"]
[PlyCount "127"]
[EventDate "2016.10.17"]
[EventType "swiss"]
[EventRounds "9"]
[EventCountry "USA"]
[SourceTitle "CBM 175 Extra"]
[Source "ChessBase"]
[SourceDate "2016.12.12"]
[SourceVersion "1"]
[SourceVersionDate "2016.12.12"]
[SourceQuality "1"]

1. e4 c5 2. Nf3 g6 3. d4 cxd4 4. Nxd4 Nc6 5. c4 Bg7 6. Be3 Nf6 7. Nc3 0-0 8. Be2 d6 9. Nc2 Nd7 10. Qd2 Nc5 11. Bh6 Bxh6 12. Qxh6 f5 13. exf5 Bxf5 14. Qd2 Ne4 15. Nxe4 Bxe4 16. Ne3 Qa5 17. Qxa5 Nxa5 18. 0-0 Nc6 19. Rad1 g5 20. Bg4 Ne5 21. Be6+ Kg7 22. b3 Rf6 23. Bd5 Bxd5 24. Nxd5 Rf7 25. f3 Rc8 26. Rfe1 h6 27. Re4 Rc5 28. a4 Kf8 29. Kf2 Rc8 30. h4 Kg7 31. hxg5 hxg5 32. Rh1 Kg6 33. Ke2 Kg7 34. Kd2 Kg6 35. Ke2 Kg7 36. Kd2 Kg6 37. Kc3 Kg7 38. Kd4 Nc6+ 39. Ke3 Ne5 40. Rh3 Rg8 41. Rh5 Kg6 42. Rh1 Rc8 43. Rh3 Rg8 44. Rg3 Kh7 45. Kd2 Rg6 46. Rh3+ Kg7 47. Rh5 Kg8 48. Ne3 Kg7 49. Ke2 Nd7 50. Rg4 Kf6 51. Nd5+ Ke6 52. Nc7+ Kf5 53. Nd5 Ke6 54. Rgxg5 Rxg5 55. Rxg5 Nc5 56. b4 Nxa4 57. Rg8 Nb2 58. Rg6+ Kd7 59. Rg4 Na4 60. Kd3 e6 61. Ne3 Ke7 62. Rg5 Nb6 63. Ra5 a6 64. Rh5 1/2-1/2

[Event "Saint Louis SPICE Cup op 10th"]
[Site "Saint Louis"]
[Date "2016.10.19"]
[Round "4"]
[White "Leon Hoyos, Manuel"]
[Black "Kaliksteyn, Alexander"]
[Result "1-0"]
[WhiteElo "2488"]
[BlackElo "2412"]
[PlyCount "69"]
[EventDate "2016.10.17"]
[EventType "swiss"]
[EventRounds "9"]
[EventCountry "USA"]
[SourceTitle "CBM 175 Extra"]
[Source "ChessBase"]
[SourceDate "2016.12.12"]
[SourceVersion "1"]
[SourceVersionDate "2016.12.12"]
[SourceQuality "1"]

1. c4 g6 2. Nc3 Bg7 3. d4 Nf6 4. e4 d6 5. f3 0-0 6. Nge2 c5 7. Be3 Nc6 8. d5 Ne5 9. Ng3 e6 10. Be2 exd5 11. cxd5 a6 12. a4 h5 13. 0-0 Nh7 14. h3 h4 15. Nh1 f5 16. f4 Nf7 17. Bd3 Re8 18. exf5 Bxf5 19. Bxf5 gxf5 20. Bf2 b5 21. axb5 axb5 22. Rxa8 Qxa8 23. Bxh4 b4 24. Na4 c4 25. Ng3 Qa7+ 26. Kh1 Nh6 27. Bg5 Nxg5 28. fxg5 Be5 29. Qh5 Qxa4 30. Qg6+ Kf8 31. gxh6 Ke7 32. Nxf5+ Kd7 33. Ng7 Re7 34. Qg4+ Kc7 35. Qxc4+ 1-0

[Event "Saint Louis SPICE Cup op 10th"]
[Site "Saint Louis"]
[Date "2016.10.19"]
[Round "5"]
[White "Leon Hoyos, Manuel"]
[Black "Sevian, Samuel"]
[Result "1/2-1/2"]
[WhiteElo "2488"]
[BlackElo "2591"]
[PlyCount "116"]
[EventDate "2016.10.17"]
[EventType "swiss"]
[EventRounds "9"]
[EventCountry "USA"]
[SourceTitle "CBM 175 Extra"]
[Source "ChessBase"]
[SourceDate "2016.12.12"]
[SourceVersion "1"]
[SourceVersionDate "2016.12.12"]
[SourceQuality "1"]

1. c4 e5 2. g3 Nf6 3. Bg2 d5 4. cxd5 Nxd5 5. Nc3 Nb6 6. Nf3 Nc6 7. 0-0 Be7 8. a3 0-0 9. b4 Be6 10. d3 a5 11. b5 Nd4 12. Nd2 c6 13. bxc6 Nxc6 14. a4 Bb4 15. Bb2 Qd7 16. Nce4 Nd4 17. e3 Nc6 18. Nf3 Bg4 19. h3 Bxf3 20. Qxf3 f5 21. Nc3 Qxd3 22. Rac1 e4 23. Qh5 Qd6 24. Rfd1 Qe6 25. Bf1 Rad8 26. Ba1 Rxd1 27. Nxd1 Be7 28. Qe2 Qb3 29. Nc3 Qe6 30. Qb5 Ne5 31. Ne2 Bf6 32. Nd4 Nf3+ 33. Nxf3 exf3 34. Bxf6 Rxf6 35. Qxa5 h5 36. h4 Qe4 37. Qa7 Qxa4 38. Qb8+ Kh7 39. Qxb7 Qe4 40. Qxe4 fxe4 41. Bb5 Nd5 42. Bc6 Rd6 43. Rc4 Kh6 44. Bxd5 Rxd5 45. Rxe4 Rd1+ 46. Kh2 Rf1 47. g4 hxg4 48. Rxg4 Kh5 49. Rf4 Rxf2+ 50. Kg3 Rg2+ 51. Kxf3 Rg1 52. Ke4 Rh1 53. Kf5 g6+ 54. Kf6 Rxh4 55. Rxh4+ Kxh4 56. Kxg6 Kg4 57. e4 Kf4 58. e5 Kxe5 1/2-1/2

[Event "Pan American Intercollegiate-chT"]
[Site "Cleveland"]
[Date "2015.12.28"]
[Round "3"]
[White "Popilski, Gil"]
[Black "Leon Hoyos, Manuel"]
[Result "0-1"]
[WhiteElo "2572"]
[BlackElo "2479"]
[PlyCount "45"]
[EventDate "2015.12.27"]
[EventType "team-swiss"]
[EventRounds "6"]
[EventCountry "USA"]
[SourceTitle "CBM 170 Extra"]
[Source "ChessBase"]
[SourceDate "2016.02.25"]
[SourceVersion "1"]
[SourceVersionDate "2016.02.25"]
[SourceQuality "1"]
[WhiteTeam "Dallas Texas Univ"]
[BlackTeam "Webster Univ IV"]
[WhiteTeamCountry "USA"]
[BlackTeamCountry "USA"]

1. e4 c5 2. Nf3 Nc6 3. d4 cxd4 4. Nxd4 g6 5. c4 Nf6 6. Nc3 d6 7. Be2 Nxd4 8. Qxd4 Bg7 9. Be3 Be6 10. 0-0 0-0 11. Qd2 Qa5 12. Rac1 a6 13. b4 Qxb4 14. Rb1 Qa5 15. Rxb7 Rfe8 16. Rc1 Rac8 17. Bb6 Qa3 18. e5 Nd7 19. exd6 exd6 20. Be3 Nc5 21. Rb6 Qa5 22. Rbb1 Bf5 23. Ra1 0-1

[Event "Saint Louis SPICE Cup op 9th"]
[Site "Saint Louis"]
[Date "2015.10.19"]
[Round "5"]
[White "Leon Hoyos, Manuel"]
[Black "Eckert, Doug D"]
[Result "1-0"]
[WhiteElo "2503"]
[BlackElo "2184"]
[PlyCount "111"]
[EventDate "2015.10.17"]
[EventType "swiss"]
[EventRounds "9"]
[EventCountry "USA"]
[SourceTitle "CBM 168 Extra"]
[Source "ChessBase"]
[SourceDate "2015.10.29"]
[SourceVersion "1"]
[SourceVersionDate "2015.10.29"]
[SourceQuality "1"]

1. e4 e5 2. Nf3 Nf6 3. Nc3 Nc6 4. g3 Bc5 5. Bg2 d6 6. d3 a6 7. h3 h6 8. Be3 Bxe3 9. fxe3 Bd7 10. Qd2 b5 11. 0-0-0 b4 12. Nd5 a5 13. Nh4 Nxd5 14. exd5 Na7 15. d4 exd4 16. e4 Nb5 17. Bf1 Qg5 18. Qf4 0-0 19. Nf3 Qxf4+ 20. gxf4 Rfe8 21. Bd3 a4 22. Bxb5 Bxb5 23. Nxd4 Bd7 24. Rde1 Ra5 25. f5 Rc5 26. Kd2 c6 27. dxc6 Bxc6 28. Nxc6 Rxc6 29. Re3 Rc4 30. Rhe1 Re5 31. Rd3 Rcxe4 32. Rxe4 Rxe4 33. Rxd6 Rf4 34. Ra6 Rf2+ 35. Kd3 b3 36. cxb3 axb3 37. axb3 Rxb2 38. Kc4 Rf2 39. Ra8+ Kh7 40. Rd8 Rxf5 41. b4 Rf1 42. Rd3 g5 43. b5 Rc1+ 44. Rc3 Re1 45. b6 Re8 46. b7 Kg6 47. Kd5 Rb8 48. Kc6 f5 49. Kc7 Rxb7+ 50. Kxb7 g4 51. Kc6 Kg5 52. Kd5 Kf4 53. h4 g3 54. Rc6 Ke3 55. Rxh6 f4 56. Rg6 1-0

[Event "Pan American Intercollegiate-chT"]
[Site "South Padre Island"]
[Date "2014.12.30"]
[Round "6.2"]
[White "Leon Hoyos, Manuel"]
[Black "Gorovets, Andrey"]
[Result "1/2-1/2"]
[WhiteElo "2511"]
[BlackElo "2476"]
[PlyCount "63"]
[EventDate "2014.12.27"]
[EventType "team-swiss"]
[EventRounds "6"]
[EventCountry "USA"]
[SourceTitle "CBM 164 Extra"]
[Source "ChessBase"]
[SourceDate "2015.03.02"]
[SourceVersion "1"]
[SourceVersionDate "2015.03.02"]
[SourceQuality "1"]
[WhiteTeam "WEBST II"]
[BlackTeam "TXTEK"]
[WhiteTeamCountry "USA"]
[BlackTeamCountry "USA"]

1. e4 c5 2. Nf3 e6 3. d4 cxd4 4. Nxd4 Nc6 5. Nc3 a6 6. Nxc6 bxc6 7. Bd3 d5 8. 0-0 Nf6 9. Re1 Bb7 10. e5 Nd7 11. Qg4 Qc7 12. Qg3 g6 13. Bf4 c5 14. b3 h6 15. h4 Be7 16. Qg4 g5 17. hxg5 hxg5 18. Bg3 Nb6 19. Na4 Nxa4 20. Qxa4+ Bc6 21. Qg4 Qb7 22. Rab1 a5 23. c4 d4 24. f3 Kd7 25. Kf2 a4 26. Re2 Rhb8 27. Qh5 Rh8 28. Qg4 Rhb8 29. Reb2 axb3 30. axb3 Ra3 31. Qh5 Rf8 32. Ke2 1/2-1/2

[Event "Saint Louis SPICE Cup op 8th"]
[Site "Saint Louis"]
[Date "2014.10.25"]
[Round "8"]
[White "Vera Gonzalez Quevedo, Reynaldo"]
[Black "Leon Hoyos, Manuel"]
[Result "0-1"]
[WhiteElo "2449"]
[BlackElo "2512"]
[PlyCount "74"]
[EventDate "2014.10.21"]
[EventType "swiss"]
[EventRounds "9"]
[EventCountry "USA"]
[SourceTitle "EXT 2015"]
[Source "ChessBase"]
[SourceDate "2014.11.20"]
[SourceVersion "1"]
[SourceVersionDate "2014.11.20"]
[SourceQuality "1"]

1. d4 Nf6 2. Nf3 c5 3. d5 e6 4. c4 b5 5. dxe6 fxe6 6. cxb5 d5 7. e3 Bd6 8. b3 0-0 9. Bb2 Nbd7 10. Nbd2 Bb7 11. Be2 Qc7 12. 0-0 Rae8 13. Qc2 Kh8 14. Rad1 Nh5 15. h3 Nhf6 16. a4 Qb8 17. Bd3 Re7 18. Rfe1 Qe8 19. e4 Nh5 20. exd5 exd5 21. Rxe7 Qxe7 22. Re1 Qf7 23. Bxh7 Nf4 24. Ng5 Qh5 25. Ndf3 Nf6 26. Bf5 d4 27. Kf1 Nxg2 28. Bg6 Nxe1 29. Kxe1 Qh6 30. Bc1 Bxf3 31. Nf7+ Rxf7 32. Bxh6 Re7+ 33. Kf1 gxh6 34. Qf5 Be2+ 35. Kg2 Kg7 36. h4 d3 37. h5 d2 0-1

[Event "Olympiad-41"]
[Site "Tromsoe"]
[Date "2014.08.14"]
[Round "11.2"]
[White "Leon Hoyos, Manuel"]
[Black "Perunovic, Milos"]
[Result "0-1"]
[WhiteElo "2517"]
[BlackElo "2602"]
[PlyCount "86"]
[EventDate "2014.08.02"]
[EventType "team-swiss"]
[EventRounds "11"]
[EventCountry "NOR"]
[SourceTitle "CBM 162"]
[Source "ChessBase"]
[SourceDate "2014.09.17"]
[SourceVersion "1"]
[SourceVersionDate "2014.09.17"]
[SourceQuality "1"]
[WhiteTeam "Mexico"]
[BlackTeam "Serbia"]
[WhiteTeamCountry "MEX"]
[BlackTeamCountry "SRB"]

1. e4 c5 2. Nf3 e6 3. d4 cxd4 4. Nxd4 Nc6 5. Nc3 Qc7 6. Be3 a6 7. Qd2 Nf6 8. f4 Bb4 9. Bd3 0-0 10. a3 Be7 11. e5 Ng4 12. Bg1 f5 13. 0-0-0 b5 14. h3 Nh6 15. g4 Bb7 16. Rh2 b4 17. axb4 Bxb4 18. Kb1 Rab8 19. Nde2 Ne7 20. gxf5 Bf3 21. Bd4 Nhxf5 22. Bxf5 Nxf5 23. Kc1 Qa5 24. Qd3 Nxd4 25. Qxd4 Qa1+ 26. Nb1 Ba3 27. Kd2 Bxb2 28. Qe3 Bh5 29. Ke1 Qa5+ 30. c3 Bg6 31. Nd2 Rbc8 32. Ne4 Bxe4 33. Qxe4 Bxc3+ 34. Kf1 Qxe5 35. Qf3 Qb5 36. Kg1 Bf6 37. Rg2 Rc2 38. Kh1 Rb2 39. Rdg1 Rb3 40. Qg4 h5 41. Qg6 Rxh3+ 42. Rh2 Rxh2+ 43. Kxh2 Qxe2+ 0-1

[Event "Olympiad-41"]
[Site "Tromsoe"]
[Date "2014.08.06"]
[Round "5.2"]
[White "Papaioannou, Ioannis"]
[Black "Leon Hoyos, Manuel"]
[Result "1/2-1/2"]
[WhiteElo "2641"]
[BlackElo "2517"]
[PlyCount "107"]
[EventDate "2014.08.02"]
[EventType "team-swiss"]
[EventRounds "11"]
[EventCountry "NOR"]
[SourceTitle "CBM 162"]
[Source "ChessBase"]
[SourceDate "2014.09.17"]
[SourceVersion "1"]
[SourceVersionDate "2014.09.17"]
[SourceQuality "1"]
[WhiteTeam "Greece"]
[BlackTeam "Mexico"]
[WhiteTeamCountry "GRE"]
[BlackTeamCountry "MEX"]

1. d4 Nf6 2. Nf3 c5 3. d5 e6 4. c4 b5 5. Bg5 exd5 6. cxd5 d6 7. e4 a6 8. Bd3 Be7 9. 0-0 Nxd5 10. exd5 Bxg5 11. a4 0-0 12. axb5 Bb7 13. Nxg5 Qxg5 14. Nc3 axb5 15. Rxa8 Bxa8 16. Bxb5 Bb7 17. Qe2 Bc8 18. Qe3 Qd8 19. Re1 Nd7 20. Qe7 Qxe7 21. Rxe7 Rd8 22. Kf1 Kf8 23. Re1 Nf6 24. Ra1 Bd7 25. Bxd7 Rxd7 26. Ra8+ Ke7 27. Rb8 Ra7 28. Ke2 Nd7 29. Rb3 f5 30. f4 Kd8 31. Kf3 Ra6 32. Nd1 Ra4 33. Ne3 g6 34. h3 h6 35. Rc3 Rb4 36. Ra3 Ke7 37. b3 Rb7 38. g4 fxg4+ 39. hxg4 Nf6 40. g5 hxg5 41. fxg5 Ne8 42. Ng2 Ng7 43. Nf4 Kf7 44. Kg4 Nf5 45. Ra6 Rb4 46. Ra7+ Ke8 47. Ra3 Ne7 48. Ra8+ Kd7 49. Ra7+ Kd8 50. Ra8+ Kc7 51. Ra7+ Kd8 52. Ra8+ Kc7 53. Ra7+ Kd8 54. Ra8+ 1/2-1/2

[Event "Olympiad-41"]
[Site "Tromsoe"]
[Date "2014.08.05"]
[Round "4.1"]
[White "Jobava, Baadur"]
[Black "Leon Hoyos, Manuel"]
[Result "1-0"]
[WhiteElo "2713"]
[BlackElo "2517"]
[PlyCount "71"]
[EventDate "2014.08.02"]
[EventType "team-swiss"]
[EventRounds "11"]
[EventCountry "NOR"]
[SourceTitle "CBM 162"]
[Source "ChessBase"]
[SourceDate "2014.09.17"]
[SourceVersion "1"]
[SourceVersionDate "2014.09.17"]
[SourceQuality "1"]
[WhiteTeam "Georgia"]
[BlackTeam "Mexico"]
[WhiteTeamCountry "GEO"]
[BlackTeamCountry "MEX"]

1. Nf3 g6 2. c4 c5 3. g3 Bg7 4. Bg2 Nc6 5. Nc3 d6 6. 0-0 e6 7. a3 Nge7 8. b4 0-0 9. Rb1 b6 10. Nb5 Bb7 11. Bb2 e5 12. bxc5 bxc5 13. d3 Qd7 14. Nd2 f5 15. Ba1 Rab8 16. Qa4 Ba8 17. Nc3 Rbc8 18. Nd5 g5 19. e3 Ng6 20. Qd1 g4 21. f3 h5 22. fxg4 hxg4 23. h3 Nce7 24. hxg4 fxg4 25. Qe2 Kh8 26. Be4 Bxd5 27. cxd5 Rxf1+ 28. Nxf1 Bh6 29. Nh2 Rg8 30. Nxg4 Nh4 31. Nxe5 Rxg3+ 32. Kf2 Qh3 33. Rb8+ Nc8 34. Rxc8+ Kg7 35. Nc6+ Kf7 36. Qh5+ 1-0

[Event "Olympiad-41"]
[Site "Tromsoe"]
[Date "2014.08.04"]
[Round "3.2"]
[White "Leon Hoyos, Manuel"]
[Black "Seeman, Tarvo"]
[Result "1-0"]
[WhiteElo "2517"]
[BlackElo "2392"]
[PlyCount "146"]
[EventDate "2014.08.02"]
[EventType "team-swiss"]
[EventRounds "11"]
[EventCountry "NOR"]
[SourceTitle "CBM 162"]
[Source "ChessBase"]
[SourceDate "2014.09.17"]
[SourceVersion "1"]
[SourceVersionDate "2014.09.17"]
[SourceQuality "1"]
[WhiteTeam "Mexico"]
[BlackTeam "Estonia"]
[WhiteTeamCountry "MEX"]
[BlackTeamCountry "EST"]

1. e4 c5 2. Nf3 Nc6 3. d4 cxd4 4. Nxd4 Qb6 5. Nb3 Nf6 6. Nc3 e6 7. Qe2 Bb4 8. Bd2 0-0 9. a3 Be7 10. g3 d5 11. Bg2 d4 12. Na4 Qc7 13. Nac5 b6 14. Na6 Qd7 15. Nb4 Bb7 16. Nd3 Rad8 17. 0-0 Qc8 18. Rac1 Ba6 19. Qd1 Nd7 20. Re1 Nde5 21. Bf1 Nc4 22. e5 Nxd2 23. Nxd2 Rd7 24. Qg4 Rfd8 25. Bg2 Rc7 26. Be4 g6 27. h4 h5 28. Qf4 Kg7 29. Nf3 Bb7 30. Ng5 Bxg5 31. Qxg5 Ne7 32. Nf4 Kf8 33. Qh6+ Ke8 34. Bd3 Rc5 35. Rcd1 Qc7 36. b4 Rcd5 37. Nxd5 Rxd5 38. Be4 Nf5 39. Bxf5 gxf5 40. Qxh5 Rd8 41. Qe2 Qc6 42. f3 Qxf3 43. Qxf3 Bxf3 44. Rd3 Be4 45. Rd2 f6 46. exf6 Kf7 47. c3 d3 48. Kf2 Kxf6 49. Ke3 b5 50. Rf2 Ke5 51. Kd2 Kd5 52. g4 Rh8 53. gxf5 exf5 54. Rh2 Rh6 55. Rg1 Ra6 56. Ra1 f4 57. h5 Bh7 58. h6 f3 59. Rh5+ Ke4 60. Rh4+ Kf5 61. Rg1 Rxa3 62. Rg7 f2 63. Rh1 Bg6 64. Kxd3 Kf6+ 65. Kd4 Ra2 66. Ke3 Rc2 67. Rxa7 Rxc3+ 68. Kxf2 Rc8 69. h7 Rh8 70. Ke3 Ke5 71. Rb7 Kd5 72. Rxb5+ Kc4 73. Rb7 Kd5 1-0

[Event "Voronezh op-A 18th"]
[Site "Voronezh"]
[Date "2014.06.16"]
[Round "5"]
[White "Rakhmanov, Alexander"]
[Black "Leon Hoyos, Manuel"]
[Result "1/2-1/2"]
[WhiteElo "2614"]
[BlackElo "2515"]
[PlyCount "59"]
[EventDate "2014.06.12"]
[EventType "swiss"]
[EventRounds "9"]
[EventCountry "RUS"]
[SourceTitle "CBM 160 Extra"]
[Source "ChessBase"]
[SourceDate "2014.07.01"]
[SourceVersion "1"]
[SourceVersionDate "2014.07.01"]
[SourceQuality "1"]

1. d4 d5 2. c4 dxc4 3. e3 Nf6 4. Bxc4 a6 5. Nf3 b5 6. Bd3 Bb7 7. a3 Nbd7 8. b4 e6 9. 0-0 Be7 10. Qe2 Be4 11. Bxe4 Nxe4 12. Qd3 Nd6 13. Nbd2 0-0 14. Bb2 a5 15. Bc3 axb4 16. Bxb4 c6 17. Rac1 Ra6 18. Rc2 Qa8 19. Rfc1 h6 20. h3 Rd8 21. Qe2 Bf8 22. e4 Rc8 23. Qe3 Ra4 24. Qe1 Rc7 25. Kh1 Ra6 26. Qe3 Ra4 27. Qe1 Ra6 28. Qe3 Ra4 29. Qe1 Ra6 30. Qe3 1/2-1/2

[Event "Voronezh op-A 18th"]
[Site "Voronezh"]
[Date "2014.06.15"]
[Round "4"]
[White "Leon Hoyos, Manuel"]
[Black "Danin, Alexandre"]
[Result "1-0"]
[WhiteElo "2515"]
[BlackElo "2594"]
[PlyCount "77"]
[EventDate "2014.06.12"]
[EventType "swiss"]
[EventRounds "9"]
[EventCountry "RUS"]
[SourceTitle "CBM 160 Extra"]
[Source "ChessBase"]
[SourceDate "2014.07.01"]
[SourceVersion "1"]
[SourceVersionDate "2014.07.01"]
[SourceQuality "1"]

1. Nf3 d5 2. g3 g6 3. Bg2 Bg7 4. 0-0 Nf6 5. d4 0-0 6. c4 c6 7. Qb3 Qb6 8. Nc3 Rd8 9. Rd1 Bf5 10. Ne1 dxc4 11. Qxc4 Na6 12. e4 Bg4 13. Bf3 e5 14. Be3 exd4 15. Bxd4 Be6 16. Nd5 Rxd5 17. exd5 cxd5 18. Bxb6 dxc4 19. Bd4 Nc7 20. Bxb7 Rb8 21. Bf3 Nfd5 22. Bxg7 Kxg7 23. Rd2 Nb4 24. h4 a5 25. Be2 Nb5 26. a3 Nc6 27. Nf3 c3 28. bxc3 Nxc3 29. Bf1 Rb3 30. Ng5 Bf5 31. Nxf7 a4 32. Rd6 Ne7 33. Ng5 Nb1 34. Ra6 h6 35. Ne6+ Bxe6 36. Rxe6 Nf5 37. Bc4 Rb2 38. Bd3 Nc3 39. h5 1-0